000 00478nam a22001457a 4500
003 OSt
082 _a631.45
_bAIS/SO
088 _aT 538
100 _aAishwarya M S
_95201
245 _aSoil less estimation and spatial mapping using RUSLE and GIS- A case study in Kurumanpuzha sub watershed of Chaliyar river basin
260 _aTavanur
_bDepartment of Irrigation and Drainage Engineering
_c2022
300 _a142p
_eCD included
700 _aRema K P (Guide)
_93209
942 _cTH
999 _c17517
_d17517